[Event "8th Memorial Ekrem Galijatovic 2022"]
[Site "Sarajevo"]
[Date "2022.03.12"]
[Round "2"]
[White "Mrkovic, Nikola"]
[Black "Konjicanin, Muris"]
[Result "1/2-1/2"]
[WhiteElo "1698"]
[BlackElo "2166"]
[Annotator "ChessBase"]
[PlyCount "111"]
[EventDate "2022.03.13"]
[EventType "tourn"]
[EventCountry "BIH"]
[SourceTitle "playchess.com"]
[Source "ChessBase"]
[SourceQuality "1"]
[TimeControl "5400+30"]

1. e4 {[%emt 0:00:07]} e6 {[%emt 0:00:17]} 2. d4 {[%emt 0:00:04]} d5 {[%emt 0:00:08]} 3. exd5 {[%emt 0:00:05]} exd5 {[%emt 0:00:10]} 4. Nf3 {[%emt 0:00:15]} Bd6 {[%emt 0:00:09]} 5. Bd3 {[%emt 0:02:56]} Ne7 {[%emt 0:00:16]} 6. O-O {[%emt 0:02:20]} Nbc6 {[%emt 0:00:31]} 7. c3 {[%emt 0:03:12]} Bg4 {[%emt 0:00:23]} 8. h3 {[%emt 0:05:51]} Bh5 {[%emt 0:00:13]} 9. Be3 {[%emt 0:06:25]} Qd7 {[%emt 0:01:38]} 10. Nbd2 {[%emt 0:02:58]} f6 {[%emt 0:00:34]} 11. Qc2 {[%emt 0:08:03]} O-O-O {[%emt 0:01:42]} 12. b4 {[%emt 0:03:42]} Rde8 {[%emt 0:00:44]} 13. a4 {[%emt 0:01:54]} Bg6 {[%emt 0:02:16]} 14. a5 {[%emt 0:05:06]} Bxd3 {[%emt 0:00:22]} 15. Qxd3 {[%emt 0:00:19]} Qf5 {[%emt 0:03:24]} 16. Qe2 {[%emt 0:10:45]} h5 {[%emt 0:02:40]} 17. b5 {[%emt 0:02:28]} Nb8 {[%emt 0:05:21]} 18. Rfc1 {[%emt 0:11:32]} g5 {[%emt 0:02:17]} 19. c4 {[%emt 0:05:14]} Ng6 {[%emt 0:02:29]} 20. cxd5 {[%emt 0:06:27]} g4 {[%emt 0:03:39]} 21. Nc4 {[%emt 0:04:21]} Qxd5 {[%emt 0:03:52]} 22. Ne1 {[%emt 0:04:17]} gxh3 {[%emt 0:02:37]} 23. Qf3 {[%emt 0:06:00]} Qxf3 {[%emt 0:01:44]} 24. Nxf3 {[%emt 0:00:41]} Kd7 {[%emt 0:00:52]} 25. Nxd6 {[%emt 0:01:25]} cxd6 {[%emt 0:03:12]} 26. gxh3 {[%emt 0:00:36]} Ne7 {[%emt 0:00:21]} 27. d5 {[%emt 0:01:59]} a6 {[%emt 0:00:28]} 28. bxa6 {[%emt 0:00:32]} Rhg8+ {[%emt 0:12:08]} 29. Kh1 {[%emt 0:00:46]} Nxa6 {[%emt 0:08:51]} 30. Rab1 {[%emt 0:00:35]} Nxd5 {[%emt 0:03:57]} 31. Rxb7+ {[%emt 0:00:45]} Ke6 {[%emt 0:00:36]} 32. Re1 {[%emt 0:02:26]} Nxe3 {[%emt 0:09:46]} 33. Rxe3+ {[%emt 0:00:03]} Kd5 {[%emt 0:00:28]} 34. Rxe8 {[%emt 0:00:31]} Rxe8 {[%emt 0:00:11]} 35. Rh7 {[%emt 0:00:07]} Ke4 {[%emt 0:00:28]} 36. Nh4 {[%emt 0:00:54]} Re5 {[%emt 0:00:14]} 37. Rh6 {[%emt 0:00:41]} Rxa5 {[%emt 0:01:50]} 38. Rxf6 {[%emt 0:00:29]} d5 {[%emt 0:00:38]} 39. Rf5 {[%emt 0:01:10]} Ra1+ {[%emt 0:00:48]} 40. Kg2 {[%emt 0:00:04]} d4 {[%emt 0:03:47]} 41. f3+ {[%emt 0:01:12]} Ke3 {[%emt 0:01:11]} 42. Re5+ {[%emt 0:00:19]} Kd2 {[%emt 0:00:18]} 43. f4 {[%emt 0:00:34]} d3 {[%emt 0:00:40]} 44. Nf3+ {[%emt 0:01:26]} Kc3 {[%emt 0:00:24]} 45. Rxh5 {[%emt 0:00:36]} Ra4 {[%emt 0:01:09]} 46. Kg3 {[%emt 0:00:23]} Rc4 {[%emt 0:00:23]} 47. Rd5 {[%emt 0:00:41]} Rc8 {[%emt 0:01:12]} 48. f5 {[%emt 0:00:42]} Nb4 {[%emt 0:00:35]} 49. Rd6 {[%emt 0:00:13]} Nc2 {[%emt 0:01:35]} 50. Ne5 {[%emt 0:00:45]} Nd4 {[%emt 0:01:35]} 51. Kf4 {[%emt 0:00:32]} d2 {[%emt 0:18:38]} 52. Rxd4 {[%emt 0:00:06]} Kxd4 {[%emt 0:00:14]} 53. Nf3+ {[%emt 0:00:03]} Kd3 {[%emt 0:01:03]} 54. Nxd2 {[%emt 0:00:04]} Kxd2 {[%emt 0:00:07]} 55. f6 {[%emt 0:00:15]} Rh8 {[%emt 0:00:21]} 56. Ke4 {[%emt 0:01:42]} 1/2-1/2

[Event "8th Memorial Ekrem Galijatovic 2022"]
[Site "Sarajevo"]
[Date "2022.03.13"]
[Round "3"]
[White "Trkulja, Goran"]
[Black "Mrndjic, Muamer"]
[Result "1-0"]
[WhiteElo "2255"]
[BlackElo "2274"]
[Annotator "TA"]
[PlyCount "107"]
[EventDate "2022.03.13"]
[EventType "tourn"]
[EventCountry "BIH"]
[SourceTitle "playchess.com"]
[Source "ChessBase"]
[SourceQuality "1"]

{[%evp 17,107,-15,43,51,46,43,41,51,63,63,66,68,70,67,96,16,35,8,14,14,10,9,12,13,17,12,13,8,40,37,41,44,137,135,128,131,153,151,148,152,212,165,205,109,114,122,239,229,515,510,471,425,508,494,658,649,648,615,981,500,491,478,706,669,656,633,633,622,573,458,12844,12844,12845,12845,12847,12847,27999,27999,27999,27999,27999,27999,27999,27999,27999,27999,27999,27999,27999,27999,27999,27999]} 1. e4 e5 2. Nf3 Nc6 3. d4 exd4 4. Nxd4 Nf6 5. Nxc6 bxc6 6. e5 Qe7 7. Qe2 Nd5 8. c4 Nb6 9. Nd2 Ba6 (9... Bb7 $11) 10. b3 $14 {C45: Scotch Game.} d5 11. exd6 cxd6 12. Bb2 {White is slightly better.} Qxe2+ 13. Bxe2 O-O-O 14. O-O d5 15. Rfc1 {[#]} Kb7 $146 ({Predecessor:} 15... Bb4 16. Bc3 Ba3 17. Rd1 d4 18. Ba5 f5 19. Bf3 c5 20. Rab1 Rd6 21. Re1 Kd7 {1-0 (45) Lah,E (1959)-Persl,B (2075) Ljubljana 2018}) 16. a3 (16. Bf3 $16) 16... f6 17. b4 (17. Bc3 {seems wilder.} Bd6 18. g3 dxc4 19. bxc4 Rhe8 20. Bh5) 17... dxc4 18. Nxc4 Bxc4 19. Bxc4 Nxc4 20. Rxc4 Rd2 21. Bd4 Bd6 22. Be3 Be5 23. Rac1 Ra2 24. Rxc6 Rxa3 ({Black should try} 24... Re8 $14) 25. Re6 $16 g5 26. g3 g4 27. Re7+ Kb8 28. Rd1 {White is more active.} Rc8 (28... Ra4 $16 {was necessary.} 29. h4 gxh3) 29. Rxh7 $18 {Strongly threatening Rg7.} Rc7 30. Rdd7 ({Better is} 30. Rd8+ $18 Kb7 31. Rxc7+ Bxc7 32. Rd7) 30... Rxd7 $16 31. Rxd7 {[%mdl 4096] Endgame aiming for Rg7. KRB-KRB} a6 (31... a5 $16) 32. Rg7 $18 Bd6 $2 (32... f5 {was worth a try.} 33. Rf7 Bc3 34. Rxf5 Rb3) 33. Rxg4 Ra4 34. Bd2 {Threatens to win with h4.} Kb7 35. h4 f5 36. Rd4 Kc6 37. Bc3 Ra3 38. Rc4+ Kb5 39. Rc8 {Hoping for h5.} f4 (39... a5 $142 40. bxa5 Bc5 41. Rxc5+ Kxc5) 40. gxf4 Bxf4 41. Kg2 Rb3 42. Rc5+ Kb6 43. h5 Bd6 {[#]} (43... Bh6 $142 44. Rc4 Kb5) 44. h6 $1 Bxc5 45. bxc5+ Kxc5 {[#]} 46. h7 $1 Rxc3 (46... Kd5 47. h8=Q) 47. h8=Q {KQ-KR. White mates.} Rc4 48. Qc8+ Kb5 49. Qb7+ Ka5 50. Kg3 Rb4 51. Qc6 Rb6 52. Qc5+ Rb5 53. Qa3+ Kb6 54. f4 {Weighted Error Value: White=0.27 (precise) /Black=0.39} 1-0

[Event "8th Memorial Ekrem Galijatovic 2022"]
[Site "Sarajevo"]
[Date "2022.03.13"]
[Round "3"]
[White "Konjicanin, Muris"]
[Black "Hadzovic, Amir"]
[Result "1/2-1/2"]
[WhiteElo "2166"]
[BlackElo "2290"]
[Annotator "TA"]
[PlyCount "52"]
[EventDate "2022.03.13"]
[EventType "tourn"]
[EventCountry "BIH"]
[SourceTitle "playchess.com"]
[Source "ChessBase"]
[SourceQuality "1"]

{[%evp 9,52,6,29,25,56,19,51,31,33,29,28,31,41,16,18,10,8,0,-2,-19,0,-25,-23,-28,9,13,12,7,26,0,44,39,39,1,5,0,2,0,18,18,19,24,20,7,24]} 1. d4 Nf6 2. Nf3 g6 3. c4 Bg7 4. g3 c6 5. Bg2 d6 6. O-O {E60: King's Indian: Unusual lines and Fianchetto Variation without Nc3.} Qa5 7. Qd2 Qh5 8. Nc3 {[#] White is slightly better.} Bh3 $146 ({Predecessor:} 8... h6 9. e4 Bh3 10. Ne1 O-O 11. f3 e5 12. d5 cxd5 13. cxd5 Ne8 14. g4 Qh4 {½-½ (24) Maric,A (2395)-Ermenkov,E (2500) Chalkidiki 2007}) 9. Qg5 Bxg2 10. Kxg2 Nbd7 11. b3 Qxg5 12. Nxg5 O-O 13. Bb2 a6 14. Rac1 Rfd8 15. Nge4 Nxe4 16. Nxe4 Nf6 (16... c5 {feels hotter.} 17. Rfd1 b5 18. e3 Rdc8 19. Nd2 f5) 17. Nxf6+ Bxf6 18. e4 e6 19. f3 e5 (19... a5 $11) 20. Rfd1 Kf8 21. dxe5 dxe5 22. Kf1 Ke8 23. Ke2 Rxd1 24. Rxd1 Rd8 25. Rxd8+ Kxd8 26. Kd3 Kd7 {Weighted Error Value: White=0.13 (very precise) /Black=0.11 (very precise)} 1/2-1/2

[Event "8th Memorial Ekrem Galijatovic 2022"]
[Site "Sarajevo"]
[Date "2022.03.13"]
[Round "3"]
[White "Kurtcehajic, Suad"]
[Black "Mrkovic, Nikola"]
[Result "1-0"]
[WhiteElo "1968"]
[BlackElo "1698"]
[Annotator "NA"]
[PlyCount "61"]
[EventDate "2022.03.13"]
[EventType "tourn"]
[EventCountry "BIH"]
[SourceTitle "playchess.com"]
[Source "ChessBase"]
[SourceQuality "1"]
[TimeControl "5400+30"]

1. e4 {[%emt 0:09:40]} e5 {[%emt 0:00:03]} 2. Nf3 {[%emt 0:00:06]} Nc6 {[%emt 0:00:02]} 3. Bc4 {[%emt 0:00:05]} Bc5 {[%emt 0:00:01]} 4. c3 {[%emt 0:00:14]} Nf6 {[%emt 0:00:05]} 5. d3 {[%emt 0:00:09]} d6 {[%emt 0:00:02]} 6. O-O {[%emt 0:00:27]} a6 {[%emt 0:00:51]} 7. b4 {[%emt 0:00:57]} Ba7 {[%emt 0:00:19]} 8. h3 {[%emt 0:02:57]} Be6 {[%emt 0:01:29]} 9. Nbd2 {[%emt 0:02:57]} h6 {[%emt 0:01:19]} 10. Re1 {[%emt 0:00:40]} O-O {[%emt 0:01:12]} 11. a3 {[%emt 0:01:24]} Re8 {[%emt 0:04:57]} 12. Bb3 {[%emt 0:04:31]} d5 {[%emt 0:08:22]} 13. exd5 {[%emt 0:06:53]} Nxd5 {[%emt 0:03:53]} 14. Ne4 {[%emt 0:03:18]} Nf6 {[%emt 0:18:40]} 15. Bxe6 {[%emt 0:09:30]} Rxe6 {[%emt 0:03:34]} 16. Nxf6+ {[%emt 0:00:07]} Qxf6 {[%emt 0:01:00]} 17. Be3 {[%emt 0:00:07]} Bxe3 {[%emt 0:02:14]} 18. Rxe3 {[%emt 0:00:10]} Rd8 {[%emt 0:00:52]} 19. Qe2 {[%emt 0:02:13]} Red6 {[%emt 0:04:15]} 20. Nd2 {[%emt 0:14:10]} Qg6 {[%emt 0:07:17]} 21. Ne4 {[%emt 0:03:06]} Rd5 {[%emt 0:06:47]} 22. Nc5 {[%emt 0:00:21]} b6 {[%emt 0:09:41]} 23. Nxa6 {[%emt 0:01:20]} Rxd3 {[%emt 0:01:56]} 24. Nxc7 {[%emt 0:00:33]} Rxe3 {[%emt 0:05:29]} 25. Qxe3 {[%emt 0:00:18]} Rd3 {[%emt 0:03:31]} 26. Qxb6 {[%emt 0:08:52]} Rxc3 {[%emt 0:03:06]} 27. Nd5 {[%emt 0:00:11]} Rd3 {[%emt 0:02:00]} 28. Qxc6 {[%emt 0:00:48]} Qh5 {[%emt 0:06:24]} 29. Qc8+ {[%emt 0:00:42]} Kh7 {[%emt 0:00:19]} 30. Ne7 {[%emt 0:00:08]} Rd1+ {[%emt 0:01:28]} 31. Kh2 {[%emt 0:00:01]} 1-0

[Event "8th Memorial Ekrem Galijatovic 2022"]
[Site "Sarajevo"]
[Date "2022.03.13"]
[Round "3"]
[White "Selimovic, Amir"]
[Black "Alhdad, Ahmed O."]
[Result "0-1"]
[WhiteElo "1943"]
[BlackElo "1811"]
[Annotator "NA"]
[PlyCount "186"]
[EventDate "2022.03.13"]
[EventType "tourn"]
[EventCountry "BIH"]
[SourceTitle "playchess.com"]
[Source "ChessBase"]
[SourceQuality "1"]
[TimeControl "5400+30"]

1. e4 {[%emt 0:00:11]} d6 {[%emt 0:00:06]} 2. d4 {[%emt 0:00:07]} Nf6 {[%emt 0:00:06]} 3. Nc3 {[%emt 0:00:09]} g6 {[%emt 0:02:16]} 4. Bg5 {[%emt 0:01:42]} Bg7 {[%emt 0:00:29]} 5. e5 {[%emt 0:01:07]} Nfd7 {[%emt 0:08:15]} 6. exd6 {[%emt 0:00:49]} cxd6 {[%emt 0:00:08]} 7. Qd2 {[%emt 0:01:12]} Nc6 {[%emt 0:03:41]} 8. Nf3 {[%emt 0:01:20]} h6 {[%emt 0:06:12]} 9. Be3 {[%emt 0:06:31]} Nf6 {[%emt 0:02:45]} 10. h3 {[%emt 0:08:05]} Bd7 {[%emt 0:03:20]} 11. Be2 {[%emt 0:04:36]} Rc8 {[%emt 0:01:53]} 12. O-O {[%emt 0:04:31]} a6 {[%emt 0:06:28]} 13. a4 {[%emt 0:03:39]} Qc7 {[%emt 0:05:26]} 14. d5 {[%emt 0:09:26]} Na5 {[%emt 0:01:15]} 15. Bd4 {[%emt 0:00:31]} Nc4 {[%emt 0:01:35]} 16. Bxc4 {[%emt 0:05:49]} Qxc4 {[%emt 0:00:05]} 17. Rfe1 {[%emt 0:00:59]} Qc7 {[%emt 0:14:07]} 18. Qe2 {[%emt 0:12:09]} O-O {[%emt 0:00:32]} 19. a5 {[%emt 0:02:53]} Rce8 {[%emt 0:01:14]} 20. Bb6 {[%emt 0:05:45]} Qc8 {[%emt 0:00:45]} 21. Qd2 {[%emt 0:02:11]} Kh7 {[%emt 0:04:26]} 22. Bd4 {[%emt 0:01:38]} Bf5 {[%emt 0:08:06]} 23. Nh4 {[%emt 0:03:07]} Bd7 {[%emt 0:08:20]} 24. Na4 {[%emt 0:03:27]} Bxa4 {[%emt 0:07:44]} 25. Rxa4 {[%emt 0:00:18]} Qd7 {[%emt 0:00:12]} 26. Rb4 {[%emt 0:03:14]} Nh5 {[%emt 0:02:55]} 27. Bxg7 {[%emt 0:00:53]} Nxg7 {[%emt 0:00:15]} 28. Rb6 {[%emt 0:02:31]} Rc8 {[%emt 0:00:39]} 29. c3 {[%emt 0:00:41]} Rc7 {[%emt 0:03:33]} 30. Qd4 {[%emt 0:02:23]} Rfc8 {[%emt 0:00:59]} 31. Qe4 {[%emt 0:03:56]} f5 {[%emt 0:00:19]} 32. Qb4 {[%emt 0:00:33]} Rf8 {[%emt 0:01:12]} 33. Nf3 {[%emt 0:00:19]} Qc8 {[%emt 0:00:53]} 34. Nd4 {[%emt 0:00:32]} Rf6 {[%emt 0:00:45]} 35. Qb3 {[%emt 0:01:03]} Qd7 {[%emt 0:01:15]} 36. Ne6 {[%emt 0:01:13]} Nxe6 {[%emt 0:00:10]} 37. Rxe6 {[%emt 0:00:24]} Rxe6 {[%emt 0:00:12]} 38. dxe6 {[%emt 0:00:02]} Qc8 {[%emt 0:00:27]} 39. h4 {[%emt 0:01:29]} Kg7 {[%emt 0:00:17]} 40. h5 {[%emt 0:00:15]} g5 {[%emt 0:02:22]} 41. Qd5 {[%emt 0:01:01]} Kf6 {[%emt 0:02:02]} 42. Qd4+ {[%emt 0:00:26]} Kxe6 {[%emt 0:00:08]} 43. Qg7 {[%emt 0:00:26]} Kd5 {[%emt 0:01:05]} 44. Qxh6 {[%emt 0:05:38]} Qg8 {[%emt 0:00:17]} 45. f4 {[%emt 0:01:25]} g4 {[%emt 0:01:01]} 46. Rb4 {[%emt 0:01:19]} Rc5 {[%emt 0:01:39]} 47. Rd4+ {[%emt 0:00:46]} Kc6 {[%emt 0:00:07]} 48. Qg6 {[%emt 0:00:29]} Qxg6 {[%emt 0:01:41]} 49. hxg6 {[%emt 0:00:02]} Kd7 {[%emt 0:00:05]} 50. Rb4 {[%emt 0:01:10]} Ke6 {[%emt 0:01:07]} 51. Rxb7 {[%emt 0:00:11]} Kf6 {[%emt 0:00:33]} 52. g7 {[%emt 0:00:26]} Kxg7 {[%emt 0:00:18]} 53. Rxe7+ {[%emt 0:00:19]} Kf6 {[%emt 0:00:05]} 54. Rb7 {[%emt 0:01:10]} Rxa5 {[%emt 0:00:14]} 55. Kf2 {[%emt 0:00:14]} Ke6 {[%emt 0:00:26]} 56. Ke3 {[%emt 0:00:34]} Ra4 {[%emt 0:01:02]} 57. g3 {[%emt 0:00:56]} Kd5 {[%emt 0:00:35]} 58. Rf7 {[%emt 0:00:24]} Re4+ {[%emt 0:00:31]} 59. Kf2 {[%emt 0:00:10]} Ke6 {[%emt 0:00:10]} 60. Ra7 {[%emt 0:00:05]} Ra4 {[%emt 0:00:45]} 61. Ke3 {[%emt 0:00:06]} Ra2 {[%emt 0:00:36]} 62. Rb7 {[%emt 0:01:01]} a5 {[%emt 0:00:17]} 63. Rb5 {[%emt 0:01:27]} a4 {[%emt 0:00:32]} 64. Rb8 {[%emt 0:00:06]} a3 {[%emt 0:00:54]} 65. bxa3 {[%emt 0:00:12]} Rg2 {[%emt 0:00:10]} 66. Re8+ {[%emt 0:00:13]} Kf7 {[%emt 0:00:19]} 67. Rc8 {[%emt 0:00:10]} Rxg3+ {[%emt 0:00:09]} 68. Ke2 {[%emt 0:00:15]} Rf3 {[%emt 0:00:24]} 69. Rc4 {[%emt 0:00:09]} Ke6 {[%emt 0:00:14]} 70. a4 {[%emt 0:00:21]} Kd5 {[%emt 0:00:17]} 71. Rd4+ {[%emt 0:00:26]} Kc5 {[%emt 0:00:08]} 72. a5 {[%emt 0:00:28]} Rxc3 {[%emt 0:00:11]} 73. Ra4 {[%emt 0:00:03]} Kb5 {[%emt 0:00:42]} 74. Rd4 {[%emt 0:00:23]} Kc6 {[%emt 0:01:49]} 75. Ra4 {[%emt 0:00:06]} Kb7 {[%emt 0:01:03]} 76. Rd4 {[%emt 0:00:33]} Rf3 {[%emt 0:00:36]} 77. Ra4 {[%emt 0:00:48]} Ka6 {[%emt 0:00:15]} 78. Rd4 {[%emt 0:00:11]} Kxa5 {[%emt 0:00:50]} 79. Rd5+ {[%emt 0:00:05]} Kb4 {[%emt 0:00:03]} 80. Rxf5 {[%emt 0:00:10]} Kc4 {[%emt 0:00:17]} 81. Ra5 {[%emt 0:00:14]} d5 {[%emt 0:00:29]} 82. f5 {[%emt 0:00:31]} Rxf5 {[%emt 0:01:03]} 83. Ra4+ {[%emt 0:00:06]} Kc3 {[%emt 0:00:10]} 84. Rxg4 {[%emt 0:00:22]} d4 {[%emt 0:00:55]} 85. Rg8 {[%emt 0:00:26]} Re5+ {[%emt 0:00:18]} 86. Kd1 {[%emt 0:00:10]} Rh5 {[%emt 0:00:14]} 87. Rg3+ {[%emt 0:01:23]} d3 {[%emt 0:00:35]} 88. Ke1 {[%emt 0:00:31]} Rh1+ {[%emt 0:00:24]} 89. Kf2 {[%emt 0:00:10]} Kc2 {[%emt 0:00:26]} 90. Rg8 {[%emt 0:00:14]} d2 {[%emt 0:00:29]} 91. Rc8+ {[%emt 0:00:09]} Kb3 {[%emt 0:00:15]} 92. Rb8+ {[%emt 0:00:15]} Kc4 {[%emt 0:00:14]} 93. Rc8+ {[%emt 0:00:04]} Kb5 {[%emt 0:00:13]} 0-1

[Event "8th Memorial Ekrem Galijatovic 2022"]
[Site "Sarajevo"]
[Date "2022.03.13"]
[Round "3"]
[White "Haznadar, Nermin"]
[Black "Dizdarevic, Emir"]
[Result "0-1"]
[WhiteElo "1881"]
[BlackElo "2379"]
[Annotator "TA"]
[PlyCount "82"]
[EventDate "2022.03.13"]
[EventType "tourn"]
[EventCountry "BIH"]
[SourceTitle "playchess.com"]
[Source "ChessBase"]
[SourceQuality "1"]

{[%evp 13,82,-13,-22,-94,-104,-195,-175,-159,-145,-145,-149,-203,-125,-145,-125,-130,-129,-130,-135,-132,-107,-104,-112,-228,-221,-218,-208,-218,-194,-218,-222,-235,-230,-222,-208,-231,-208,-205,-172,-213,-213,-307,-311,-319,-318,-600,-607,-618,-345,-364,-367,-424,-445,-438,-436,-432,-446,-449,-434,-435,-438,-498,-498,-496,-474,-508,-502,-498,-491,-446,-433]} 1. d4 e6 2. c4 b6 3. Nc3 Bb4 4. e4 Bb7 5. Qc2 Qh4 6. Bd3 f5 7. g3 Qh5 8. Be3 {A40: Unusual replies to 1 d4.} (8. Be2 $11 Qf7 9. Nf3) 8... Nf6 $17 9. f3 (9. Be2 $17 Bxc3+ 10. bxc3 (10. Qxc3 Qf7 $17)) 9... fxe4 $19 10. fxe4 {[#] Black is clearly better.} Bxc3+ $146 ({Predecessor:} 10... O-O 11. d5 exd5 12. cxd5 Kh8 13. Nge2 Qf3 14. Kd2 Ba6 15. Rae1 Bxd3 16. Qxd3 Nxe4+ 17. Kc1 Nf2 18. Qd1 Nxd1 {0-1 (18) Morales,D (1787)-Pachon,A (2077) Cartagena 2019}) 11. bxc3 O-O 12. d5 (12. Rc1 $17) 12... Na6 {White must now prevent ...Ng4.} 13. Qe2 Qxe2+ 14. Nxe2 Rae8 {[%cal Of6e4]} 15. Kd2 exd5 16. exd5 Ne4+ 17. Bxe4 Rxe4 18. Bd4 (18. Nf4 $17) 18... c5 19. dxc6 dxc6 {[%cal Bd7c6,Bc6c5][%mdl 32] [#] Hoping for ...c5.} 20. Rhe1 c5 21. Bg1 Rd8+ 22. Kc2 Rde8 ({Weaker is} 22... Rxc4 23. Rad1 Re8 24. Nf4 $17) 23. Kd2 g5 {Prevents Nf4.} 24. Rad1 Rxc4 {Threatens to win with ...Bf3.} 25. Nc1 Nc7 26. Nd3 (26. Rxe8+ $142 Nxe8 27. Kc2) 26... Rd8 {[#] And now ...Be4 would win.} 27. Re5 (27. Re7 $142 Rxc3 28. Kxc3 Nd5+ 29. Kb2 Nxe7 30. Nf2 Rxd1 31. Nxd1) 27... Be4 28. Ke2 Nb5 29. Rxg5+ $2 (29. Nb2 Nxc3+ 30. Ke1 Rxd1+ 31. Nxd1 Nxa2 32. Be3) 29... Bg6 30. Bd4 Rxc3 31. Bf6 Re8+ ({Inferior is} 31... Rdxd3 32. Rxd3 Rxd3 33. Rxg6+ Kf7 34. Kxd3 $17) 32. Ne5 Nd4+ {Black is clearly winning.} 33. Kf2 Rf8 34. Ng4 {[%cal Rg4h6]} Rf3+ ({And not} 34... Rc2+ 35. Kf1 Rxf6+ 36. Nxf6+ Kf8 37. Ng4 $17) 35. Kg2 {[%cal Rg4h6]} R3xf6 36. Nxf6+ Rxf6 37. h4 Kf7 38. Re5 h5 39. Rde1 Re6 {Inhibits Re7+.} 40. Rxe6 Nxe6 41. Kf3 Bf5 {Weighted Error Value: White=0.35/Black=0.13 (very precise)} 0-1

[Event "8th Memorial Ekrem Galijatovic 2022"]
[Site "Sarajevo"]
[Date "2022.03.13"]
[Round "4.1"]
[White "Mrkovic, Nikola"]
[Black "Hadzovic, Amir"]
[Result "0-1"]
[WhiteElo "1698"]
[BlackElo "2290"]
[Annotator "TA"]
[PlyCount "62"]
[EventDate "2022.03.13"]
[EventType "tourn"]
[EventCountry "BIH"]
[SourceTitle "playchess.com"]
[Source "ChessBase"]
[SourceQuality "1"]

{[%evp 12,62,-5,-12,-10,-15,-8,-10,-9,-17,-27,-26,-17,-53,-51,-125,-125,-311,-303,-302,-298,-301,-298,-314,-300,-320,-201,-189,-114,-124,-109,-160,-168,-154,-100,-129,-128,-133,-128,-154,-93,-195,-205,-200,-119,-213,-196,-972,-932,-29993,-29994,-29994,-29995]} 1. e4 c6 2. d4 d5 3. exd5 cxd5 4. Bd3 Nc6 5. c3 Qc7 6. Nf3 Bg4 7. O-O e6 {B13: Caro-Kann: Exchange Variation and Panov-Botvinnik Attack.} 8. Re1 Bd6 {[%cal Od6h2] Threatening ...Bxh2+!} 9. h3 Bh5 {The position is equal.} 10. Be3 Nge7 11. Nbd2 h6 12. Qc2 {[#]} O-O $146 ({Predecessor:} 12... f5 13. Nb3 Bxf3 14. gxf3 f4 15. Bd2 Qd7 16. Bg6+ Kd8 17. Kh2 Rf8 18. Bh5 Rf6 {½-½ (25) Egorov,M (2003)-Dakhaev,I (1841) Pavlodar 2013}) 13. Rac1 (13. Be2 $15) 13... f5 $1 $17 {[%cal Bf7f5,Bf5f4][%mdl 32] aiming for ...f4.} 14. c4 $2 (14. Bxh6 $17 gxh6 15. Rxe6) 14... f4 $1 $19 15. c5 fxe3 16. cxd6 exf2+ 17. Kxf2 Qxd6 18. Kg1 Bxf3 19. Nxf3 {[#]} Qg3 (19... Rxf3 $1 $19 {[%mdl 512]} 20. gxf3 Nxd4) 20. Qe2 $17 {[#]} Rf6 21. a3 (21. Qe3 $142) 21... Raf8 {[%cal Rf6f3] And now ...Rxf3 would win.} 22. Rf1 Ng6 (22... g5 $142 23. Rcd1 R8f7) 23. Bxg6 Qxg6 24. b4 a6 25. Kh1 Qe4 (25... Rf4 $142 26. Rfd1 Re4) 26. Qb2 (26. Rfe1 $17) 26... Rf4 $19 {[%cal Rc6d4]} ({Don't do} 26... Nxd4 27. Rfe1 Qd3 28. Ne5 $18 (28. Nxd4 e5 $16)) 27. Rfe1 {[#]} Qf5 ({Black should play} 27... Qg6 $1 $19 {[%cal Oc6d4] White must now prevent ...Nxd4!} 28. Qe2 Re4) 28. b5 (28. Qc3 $17) 28... axb5 {Hoping for ...Rxf3.} 29. Qxb5 $2 (29. Qc3) 29... Rxf3 30. gxf3 Qxh3+ 31. Kg1 Qg3+ {Weighted Error Value: White=0.94/Black=0.14 (very precise)} 0-1

[Event "8th Memorial Ekrem Galijatovic 2022"]
[Site "Sarajevo"]
[Date "2022.03.13"]
[Round "4.2"]
[White "Alhdad, Ahmed O."]
[Black "Konjicanin, Muris"]
[Result "0-1"]
[WhiteElo "1811"]
[BlackElo "2166"]
[Annotator "ChessBase"]
[PlyCount "79"]
[EventDate "2022.03.13"]
[EventType "tourn"]
[EventCountry "BIH"]
[SourceTitle "playchess.com"]
[Source "ChessBase"]
[SourceQuality "1"]
[TimeControl "5400+30"]

1. d4 {[%emt 0:02:41]} Nf6 {[%emt 0:00:29]} 2. Nf3 {[%emt 0:00:11]} g6 {[%emt 0:00:13]} 3. g3 {[%emt 0:01:20]} Bg7 {[%emt 0:00:10]} 4. Bg2 {[%emt 0:00:06]} O-O {[%emt 0:00:09]} 5. O-O {[%emt 0:00:24]} d6 {[%emt 0:00:09]} 6. c4 {[%emt 0:00:58]} a6 {[%emt 0:00:12]} 7. Nc3 {[%emt 0:00:21]} Nc6 {[%emt 0:00:19]} 8. e4 {[%emt 0:04:48]} Rb8 {[%emt 0:00:31]} 9. a4 {[%emt 0:02:14]} Na5 {[%emt 0:04:49]} 10. Nd2 {[%emt 0:07:35]} c5 {[%emt 0:00:38]} 11. d5 {[%emt 0:01:05]} e6 {[%emt 0:05:03]} 12. h3 {[%emt 0:01:18]} exd5 {[%emt 0:00:22]} 13. cxd5 {[%emt 0:01:52]} b5 {[%emt 0:00:58]} 14. axb5 {[%emt 0:00:37]} axb5 {[%emt 0:00:07]} 15. f4 {[%emt 0:02:14]} Re8 {[%emt 0:00:52]} 16. Qf3 {[%emt 0:07:56]} Nd7 {[%emt 0:03:22]} 17. e5 {[%emt 0:06:01]} dxe5 {[%emt 0:02:42]} 18. f5 {[%emt 0:00:26]} e4 {[%emt 0:05:00]} 19. Ndxe4 {[%emt 0:04:42]} Ne5 {[%emt 0:00:37]} 20. Qd1 {[%emt 0:11:36]} Bxf5 {[%emt 0:15:12]} 21. Rxf5 {[%emt 0:13:36]} gxf5 {[%emt 0:00:20]} 22. Ng5 {[%emt 0:00:46]} h6 {[%emt 0:04:54]} 23. Nf3 {[%emt 0:01:16]} Nac4 {[%emt 0:02:31]} 24. Nh4 {[%emt 0:01:05]} Qf6 {[%emt 0:04:13]} 25. Qh5 {[%emt 0:08:37]} Nd3 {[%emt 0:02:17]} 26. Bf4 {[%emt 0:01:34]} Nxf4 {[%emt 0:00:19]} 27. gxf4 {[%emt 0:00:05]} Nxb2 {[%emt 0:03:17]} 28. Ne2 {[%emt 0:02:39]} Rxe2 {[%emt 0:00:26]} 29. Qxe2 {[%emt 0:00:14]} Qxh4 {[%emt 0:00:30]} 30. Ra7 {[%emt 0:01:49]} Nc4 {[%emt 0:02:54]} 31. d6 {[%emt 0:02:32]} Bd4+ {[%emt 0:01:47]} 32. Kh1 {[%emt 0:00:13]} Qxf4 {[%emt 0:02:19]} 33. d7 {[%emt 0:00:53]} Qc1+ {[%emt 0:03:07]} 34. Bf1 {[%emt 0:01:38]} Ne3 {[%emt 0:00:34]} 35. Rc7 {[%emt 0:00:12]} Rd8 {[%emt 0:01:20]} 36. Rc8 {[%emt 0:00:51]} Bf6 {[%emt 0:00:17]} 37. Qxb5 {[%emt 0:00:36]} Qxf1+ {[%emt 0:00:24]} 38. Qxf1 Nxf1 39. Rxc5 {[%emt 0:01:03]} Rxd7 {[%emt 0:00:39]} 40. Rxf5 {[%emt 0:00:06]} 0-1